=LDR 00000nam 2200000 4500 =001 INLIS000000000810232 =005 20251118100233 =035 ##$$a 0010-1125000086 =245 ##$$a Bisnis tanpa riba : $b Pedoman aman agar selamat dari jerat jerat riba /$c Al Ustadz Abu Abdillah Afifudin As sidawi =300 ##$$a 119 ; $c 24 cm =260 ##$$a Sleman :$b attuqa,$c 2020 =082 ##$$a 297.273 =084 ##$$a 297.273 AFI b